Catálogo
 En Linea

Plan de igualdad de oportunidades para las mujeres, 1994-1999. (Registro nro. 14111)

Detalles MARC
000 -CABECERA
campo de control de longitud fija 00511cam a2200157 a 4500
001 - NÚMERO DE CONTROL
campo de control 000014522
005 - FECHA Y HORA DE LA ÚLTIMA TRANSACCIÓN
campo de control 20200929163850.0
008 - DATOS DE LONGITUD FIJA--INFORMACIÓN GENERAL
campo de control de longitud fija 980225s1996 cl 001 0 spa d
040 ## - FUENTE DE LA CATALOGACIÓN
Centro catalogador/agencia de origen DO-SdBNP
Lengua de catalogación spa
Centro/agencia transcriptor BNPHU
082 ## - NÚMERO DE LA CLASIFICACIÓN DECIMAL DEWEY
Número de clasificación xx
Número de documento/Ítem xx
110 1# - ENTRADA PRINCIPAL--NOMBRE DE ENTIDAD CORPORATIVA
Nombre de entidad corporativa o nombre de jurisdicción como elemento de entrada Chile.
Unidad subordinada Servicio Nacional de la Mujer.
9 (RLIN) 32852
245 10 - MENCIÓN DE TÍTULO
Título Plan de igualdad de oportunidades para las mujeres, 1994-1999.
260 ## - PUBLICACIÓN, DISTRIBUCIÓN, ETC.
Lugar de publicación, distribución, etc. Santiago, Chile :
Nombre del editor, distribuidor, etc. Servicio Nacional de la Mujer,
Fecha de publicación, distribución, etc. 1996.
300 ## - DESCRIPCIÓN FÍSICA
Extensión 71 p. ;
Dimensiones 30 cm.
650 #0 - PUNTO DE ACCESO ADICIONAL DE MATERIA--TÉRMINO DE MATERIA
Término de materia o nombre geográfico como elemento de entrada Women's rights
Subdivisión geográfica Chile.
9 (RLIN) 32853
Existencias
Estado de retiro Estado de pérdida Restricciones de uso No para préstamo Código de colección Localización permanente Ubicación/localización actual Ubicación en estantería Fecha de adquisición Número de inventario Total de préstamos Signatura topográfica completa Código de barras Fecha visto por última vez Precio válido a partir de Tipo de ítem Koha
        Monografías: Libros y Folletos General General En catalogación 13.01.2010 LF1   xx xx 14522-10 25.06.2020 25.06.2020 Préstamo en sala

Con tecnología Koha